000 00188nam a2200073Ia 4500
008 170817s9999 xx 000 0 und d
100 _aBHATIA K. K.
245 0 _aPRINCIPLES & THEORIES OF EDUCATION
260 _bKALYANI PUB.
999 _c37218
_d37218